|
|
|
|
| LEADER |
00000nab a2200000 a 4500 |
| 001 |
vtls000060714 |
| 003 |
SK-MaSNL |
| 005 |
20260304034138.0 |
| 008 |
111103c1980 xo 0 slo |
| 015 |
|
|
|a SNBRB19rr/mm-uuuuu
|
| 035 |
|
|
|a CL0070814
|
| 040 |
|
|
|a SNKBUCL
|b slo
|c SNKBUCL
|e AACR2
|
| 041 |
0 |
|
|a slo
|
| 044 |
|
|
|a xo
|c SK
|
| 080 |
|
|
|a 636.08
|2 1981
|
| 245 |
0 |
0 |
|a Racionálne spôsoby výživy hospodárskych zvierat
|c Ján Labuda, Ondrej Herceg, Roman Gálik, Erika Horniaková
|
| 300 |
|
|
|b Tb. 2.
|
| 650 |
0 |
7 |
|a hospodárske zvieratá
|2 snkbucl
|9 1097
|
| 650 |
0 |
7 |
|a výživa zvierat
|2 snkbucl
|9 19194
|
| 655 |
|
7 |
|a články z novín a časopisov
|2 snkbucl
|9 267496
|
| 700 |
1 |
|
|a Labuda, Ján,
|d 1915-2010
|4 aut
|9 170201
|
| 700 |
1 |
|
|a Herceg, Ondrej,
|d 1928-1999
|4 aut
|9 6141
|
| 700 |
1 |
|
|a Gálik, Roman,
|d 1937-2018
|4 aut
|9 189311
|
| 700 |
1 |
|
|a Horniaková, Erika,
|d 1944-
|4 aut
|9 217782
|
| 773 |
0 |
|
|t Náš chov
|g Roč. 40, č. 2 (1980), s. 81-84
|
| 850 |
|
|
|a Slovenská národná knižnica v Martine
|a MTA001
|
| 852 |
|
|
|a SNK
|b KIS3GCP
|
| 958 |
|
|
|a RK
|
| 992 |
|
|
|a RBX
|
| 999 |
|
|
|c 2651612
|d 2653542
|